Obytná štvrť pre občanov a výskumníkov, Helsinky, Fínsko

Salvato in:
Dettagli Bibliografici
Autore principale: Hamalová, Patrícia (Autore)
Altri autori: Ruhig, Roman (Relatore della tesi)
Natura: Manoscritto Libro
Lingua:slovacco
Pubblicazione: 2024
Soggetti:
Accesso online:http://is.stuba.sk/zp/portal_zp.pl?podrobnosti=155923
https://opac.crzp.sk/?fn=detailBiblioForm&sid=F0082B7A009D1614B1C91BB883AC
Tags: Aggiungi Tag
Nessun Tag, puoi essere il primo ad aggiungerne!!

MARC

LEADER 00000ntm a22000003a 4500
001 stuzp98886
003 SK-STU
005 20240909153945.8
007 ta
008 150427s2015----xo-----f-mn---000-0-slo-d
040 |a STU  |b slo 
041 0 |a slo 
100 1 |a Hamalová, Patrícia  |u 010310  |4 aut  |U SvF Stavebná fakulta  |T SvF Katedra architektúry  |X 103845  |U V181|V310  |Y 19  |7 103845 
242 0 1 |a Residential area for citizens and researchers, Helsinki, Finland  |y eng 
245 1 0 |a Obytná štvrť pre občanov a výskumníkov, Helsinky, Fínsko 
260 |c 2024 
650 4 |a Helsinki  |2 slo 
650 4 |a bytový dom  |2 slo 
650 4 |a Viikki  |2 slo 
650 4 |a výskumníci  |2 slo 
650 4 |a obytná štvrť  |2 slo 
650 4 |a drevo  |2 slo 
650 4 |a apartment building  |2 eng 
650 4 |a researcher  |2 eng 
650 4 |a Viikki  |2 eng 
650 4 |a residential area  |2 eng 
650 4 |a wood  |2 eng 
650 4 |a Helsinki  |2 eng 
700 1 |a Ruhig, Roman  |u 010310  |k Z1  |4 ths  |U SvF Stavebná fakulta  |T SvF Katedra architektúry  |X 7452  |U V181|V310  |Y 19  |7 A000007452 
856 4 |u http://is.stuba.sk/zp/portal_zp.pl?podrobnosti=155923 
856 4 |u https://opac.crzp.sk/?fn=detailBiblioForm&sid=F0082B7A009D1614B1C91BB883AC